Fishery management/ (Record no. 10526)

MARC details
000 -LEADER
fixed length control field 00829 a2200229 4500
010 ## - LIBRARY OF CONGRESS CONTROL NUMBER
LC control number ENG-89379
020 ## - INTERNATIONAL STANDARD BOOK NUMBER
International Standard Book Number 8131303207
Terms of availability 495.00
035 ## - SYSTEM CONTROL NUMBER
System control number EN-72912
037 ## - SOURCE OF ACQUISITION
Source of stock number/acquisition DBAD / PUB
082 14 - DEWEY DECIMAL CLASSIFICATION NUMBER
Classification number 639.2068
090 ## - LOCALLY ASSIGNED LC-TYPE CALL NUMBER (OCLC); LOCAL CALL NUMBER (OCLC)
-- 10826
-- 10826
100 1# - MAIN ENTRY--PERSONAL NAME
Personal name Gaonkar, Rekha R.
245 1# - TITLE STATEMENT
Title Fishery management/
Statement of responsibility, etc by Rekha R. Gaonkar, Maria D.C. Rodrigues and R.B. Patil
260 ## - PUBLICATION, DISTRIBUTION, ETC. (IMPRINT)
Place of publication, distribution, etc New Delhi
Name of publisher, distributor, etc APH Publishing Corporation
Date of publication, distribution, etc 2008
270 ## - ADDRESS
Address 4435-36/7, Ansari Road, Darya Ganj,
City New Delhi
State or province Delhi
Postal code 110002
Telephone number 23274050
Electronic mail address aphbook@vsnl.net
300 ## - PHYSICAL DESCRIPTION
Extent xix, 196p
Dimensions 22 cm ( Hb.)
500 ## - GENERAL NOTE
General note Includes bibliographical reference
700 1# - ADDED ENTRY--PERSONAL NAME
Personal name Rodrigues, Maria D.C.
700 1# - ADDED ENTRY--PERSONAL NAME
Personal name Patil, R.B.
942 ## - ADDED ENTRY ELEMENTS (KOHA)
Institution code [OBSOLETE] dpl
Koha item type English Books
Call number prefix 639.2068 / GAO
Holdings
Withdrawn status Lost status Source of classification or shelving scheme Damaged status Not for loan Collection code Home library Current library Source of acquisition Cost, normal purchase price Total Checkouts Full call number Barcode Date last seen Copy number Uniform Resource Identifier Cost, replacement price Price effective from Koha item type
    Dewey Decimal Classification   Not For Loan Non-fiction D.B.Act.Division D.B.Act.Division DBAD/PUB 495.00   639.2068 GAO EN-72912 15/09/2008 1 11596 495.00 15/09/2008 English Books

© Delhi Public Library
Hit Counter
free hit counter